000 01062nam a2200217 a 4500
008 120416s1978 ||||||||||||||||| || u
020 _a0805395210
050 _aQA 305 Was
100 _aWashington, Allyn J
245 1 0 _aBasic technical mathematics with calculus. (3rd ed.)
250 _a3rd ed.
260 _aMenlo Park, Calif. :
_bBenjamin/Cummings Pub. Co
_c1978
300 _axvi, 837, [128] p. : ill.
350 _a0.00
650 0 _aCALCULUS
650 0 _aMATHEMATICS--HANDBOOKS, MANUALS, ETC
995 _D0.00
_FCBU-MAIN LIBRARY (Kitwe)
_H2
_I31.95
_M2
_UAVAILABLE
_ZShort Loan Collection
995 _D0.00
_FCBU-MAIN LIBRARY (Kitwe)
_H3
_I31.95
_M3
_UAVAILABLE
_ZShort Loan Collection
995 _D0.00
_FCBU-MAIN LIBRARY (Kitwe)
_H1
_I31.95
_M1
_UAVAILABLE
_ZShort Loan Collection
995 _D0.00
_FCBU-MAIN LIBRARY (Kitwe)
_H4
_I31.95
_M4
_UAVAILABLE
_ZShort Loan Collection
999 _c81041
_d81041